| 000 | 00438nam a2200145Ia 4500 | ||
|---|---|---|---|
| 008 | 220217s9999 xx 000 0 und d | ||
| 245 | 0 | _aCompounded rubber- Determination of manganese content- Sodium periodate photometric method. | |
| 260 | _c1975 | ||
| 500 | _aStandard number: ISO 1397 | ||
| 650 | _a Compounded rubber | ||
| 650 | _a Manganese content | ||
| 650 | _a Photometric method | ||
| 650 | _a Sodium periodate | ||
| 942 | _cST | ||
| 999 |
_c74012 _d74012 |
||